00569nam a2200205Ia 450000500170000000800410001702000230005804000190008104100120010008200160011210000230012824500690015125000110022026000510023130000150028244000170029765000180031470000210033285000100035320230116144717.0131103s9999 xx 000 0 und d a071366794XcRs 361 aLoreto College aEnglish a822.6bGOL  aGoldsmith, Oliver aShe stoops to conquer. cOliver Goldsmith. Edited by James Ogden a2nd ed aLondon; New YorkbA & C Black; WW Nortonc2001 axlii,101p  aNew Mermaids aEnglish Drama aOgden, James, ed aLCLIB